Dos enfoques del lenguaje (Record no. 134749)

MARC details
000 -LEADER
campo de control de longitud fija 00714nam a2200205 i 4500
001 - NÚMERO DE CONTROL
campo de control 134749
003 - IDENTIFICADOR DE NÚMERO DE CONTROL
campo de control ES-MaACL
005 - FECHA Y HORA DE LA ÚLTIMA TRANSACCIÓN
campo de control 20240511063034.0
007 - CAMPO FIJO DE DESCRIPCIÓN FÍSICA--INFORMACIÓN GENERAL
campo de control de longitud fija t|
008 - DATOS DE LONGITUD FIJA--INFORMACIÓN GENERAL
campo de control de longitud fija 070913s1979 sp ||||1| spa d
100 1# - ENTRADA PRINCIPAL--NOMBRE DE PERSONA
Nombre de persona Weisgerber, Leo.
9 (RLIN) 116387
245 10 - MENCIÓN DEL TÍTULO
Título Dos enfoques del lenguaje
Resto del título : lingüística y ciencia energética del lenguaje /
Mención de responsabilidad, etc. Leo Weisgerber ; versión de Isidoro Pisonero del Amo.
260 ## - PUBLICACIÓN, DISTRIBUCIÓN, ETC.
Lugar de publicación, distribución, etc. Madrid :
Nombre del editor, distribuidor, etc. Gredos,
Fecha de publicación, distribución, etc. [1979]
300 ## - DESCRIPCIÓN FÍSICA
Extensión 284 p. ;
Dimensiones 19 cm.
490 0# - MENCIÓN DE SERIE
Mención de serie Biblioteca románica hispánica. II. Estudios y ensayos ;
Designación de volumen o secuencia 297
RLIN 178108
700 1# - ENTRADA AGREGADA--NOMBRE PERSONAL
Nombre de persona Pisonero del Amo, Isidoro.
9 (RLIN) 92379
852 ## - LOCALIZACIÓN
Ubicación ES-MaACL
Número de control de estantería A-10676
Sublocalización o colección R.99866
942 ## - ELEMENTOS DE ENTRADA SECUNDARIOS (KOHA)
Fuente del sistema de clasificación o colocación Clasificación decimal universal
Holdings
Estatus retirado Estado de pérdida Estado de daño No para préstamo Biblioteca de origen Biblioteca actual Ubicación en estantería Fecha de adquisición Fuente de adquisición Total de préstamos Signatura topográfica completa Código de barras Visto por última vez Precio de reemplazo Tipo de ítem Koha
        Biblioteca del Ateneo de Madrid Biblioteca del Ateneo de Madrid Depósito 1 17/01/2008     A-10676 1140257 23/02/2023 23/02/2023 Libro impreso